000 00480nam a2200181Ia 4500
003 GCL
008 140319s9999 xx 000 0 ara d
040 _aGCL /
_cGCL
082 0 4 _a813.008
_bك س
100 1 _aكالدويل، ارسكين
245 1 0 _aالسجود للشمس /
_cكالدويل، ارسكين
700 1 _aعبدالله نيازى
490 _a
650 0 4 _aالادب العربى
650 0 4 _aالادب
650 0 4 _aالقصة
942 _2ddc
_cBK
999 _c40630
_d40630